Statistics for Musical Artists by 1994 Album

Click here to take the quiz!

General Stats

  • This quiz has been taken 46 times
  • The average score is 14 of 40

Answer Stats

AlbumArtist% Correct
DookieGreen Day
80%
MTV Unplugged in New YorkNirvana
80%
SuperunknownSoundgarden
66%
ParklifeBlur
64%
Definitely MaybeOasis
61%
(The Blue Album)Weezer
59%
CrazySexyCoolTLC
57%
The Downward SpiralNine Inch Nails
55%
The Division BellPink Floyd
55%
Ill CommunicationBeastie Boys
52%
MonsterR.E.M.
48%
Jar of FliesAlice in Chains
43%
VitalogyPearl Jam
43%
GraceJeff Buckley
39%
Hell Freezes OverEagles
36%
Live Through ThisHole
36%
IllmaticNas
36%
DummyPortishead
36%
PurpleStone Temple Pilots
36%
Ready to DieThe Notorious B.I.G.
34%
Pisces IscariotThe Smashing Pumpkins
34%
Sixteen StoneBush
32%
Voodoo LoungeThe Rolling Stones
32%
Cracked Rear ViewHootie & the Blowfish
30%
Throwing CopperLive
27%
SmashOffspring
25%
Crooked Rain, Crooked RainPavement
23%
Selected Ambient Works Volume IIAphex Twin
18%
Far Beyond DrivenPantera
18%
No Need to ArgueThe Cranberries
18%
The Holy BibleManic Street Preachers
16%
Dog Man StarSuede
16%
Music for the Jilted GenerationThe Prodigy
16%
Chocolate and CheeseWeen
16%
Under the Table and DreamingDave Matthews Band
14%
Punk in DrublicNOFX
14%
Roman CandleElliott Smith
11%
Portrait of an American FamilyMarilyn Manson
11%
Too High to DieMeat Puppets
9%
There's Nothing Wrong With LoveBuilt to Spill
5%

Score Distribution

Percentile by Number Answered

Percent of People with Each Score

Your Score History

You have not taken this quiz